Rozpoznaj film po opisie #10 - Statystyki

Ogólne statystyki
  • Ten quiz został rozwiązany 30 razy
  • Średni wynik to 4 z 10
Statystyki odpowiedzi
Opis filmu Tytuł % Poprawnych
Młody wiking, który marzy o zostaniu bohaterem swojej wioski, ma za zadanie upolować smoka, który terroryzuje okolicę. Jednak zamiast go zabić, chłopak zaprzyjaźnia się z jednym z tych legendarnych stworzeń, odkrywając, że smoki nie są tak straszne, jak je malowano. Ta niezwykła przyjaźń zmienia wszystko — nie tylko w życiu bohatera, ale także w jego wiosce, gdzie wkrótce rozpoczyna się walka o akceptację i zrozumienie między ludźmi a smokami. Jak wytresować smoka
81%
Młody mężczyzna, o dość pechowym charakterze, przez przypadek staje się bohaterem, który wywołuje szereg absurdalnych wydarzeń prowadzących do wybuchu II wojny światowej. Początkowo niczym nie wyróżniający się młodzieniec, nieświadomie powoduje katastrofalne w skutkach nieporozumienia, które prowadzą do wybuchu wojny. Jego niezamierzone działania wplątują go w świat politycznych i wojskowych intryg, przez co staje się świadkiem wielu absurdalnych i zabawnych sytuacji. Jak rozpętałem drugą wojnę światową
78%
W futurystycznym mieście, w którym zwierzęta żyją w społeczeństwie podobnym do ludzkiego, zorganizowana jest wspaniała metropolia, w której drapieżniki i roślinożercy współistnieją, mimo naturalnych różnic. Judy Hopps, pierwsza królicza policjantka, trafia na trudne śledztwo, które prowadzi ją do odkrycia niepokojących tajemnic w mieście. W trakcie śledztwa, partneruje jej sprytny lis Nick, który wciąga ją w szereg nieoczekiwanych przygód. Film jest pełen humoru, akcji i ukrytych przesłań o tolerancji, akceptacji oraz współpracy ponad różnicami. Zwierzogród
67%
Młody mężczyzna, który posiada niesamowitą zdolność oszukiwania i podrobienia dokumentów, staje się jednym z najbardziej poszukiwanych przestępców w Stanach Zjednoczonych. Używając swoich talentów, udaje mu się oszukać nie tylko banki, ale także samego FBI, które prowadzi za nim pościg. Mimo że jego działania są nielegalne, bohater zyskuje pewnego rodzaju szacunek za swoją inteligencję i spryt, a cała historia staje się pełna nieoczekiwanych zwrotów akcji i napięcia. Złap mnie, jeśli potrafisz
44%
Utalentowany prawnik, który zdobywa szczyty kariery, otrzymuje propozycję pracy w renomowanej kancelarii w Nowym Jorku. Z czasem odkrywa, że jego nowy szef, który wydaje się być idealnym mentorem, ma znacznie mroczniejsze powiązania niż się początkowo wydaje. Wkrótce mężczyzna zaczyna dostrzegać, że staje się częścią niebezpiecznej gry, w której stawką są jego moralność, dusza i życie osobiste. Film łączy elementy dramatu z thrillerem psychologicznym, badając granice między złem a dobrem. Adwokat diabła
41%
Podczas II wojny światowej, w trakcie oblężenia Stalingradu, dwóch snajperów staje naprzeciw siebie – jeden z nich to bohater radzieckiej armii, drugi to doświadczony niemiecki snajper. Walka między nimi staje się nie tylko rywalizacją o życie, ale także psychologiczną grą, pełną napięcia i emocji. Obaj mają swoje osobiste powody, by walczyć do ostatka, a ich starcie symbolizuje brutalność wojny, poświęcenie i cenę, jaką płacą ludzie w imię ideologii. W tle pojawiają się również dramaty innych żołnierzy i cywilów, którzy zmagają się z wojenną rzeczywistością. Wróg u bram
26%
Egocentryczny mężczyzna dowiaduje się, że jego ojciec zostawił mu spadek, ale tylko pod warunkiem, że będzie się opiekował swoim autystycznym bratem, którego nie znał. Z czasem odkrywa, że brat posiada niezwykłe zdolności matematyczne, a ich wspólna podróż staje się okazją do poznania siebie nawzajem i budowania więzi. Film ukazuje niezwykłą relację dwóch braci, którzy, mimo ogromnych różnic, uczą się wzajemnej akceptacji i zrozumienia. Rain Man
15%
W małym miasteczku znikają dzieci, a ich losy stają się tajemnicą, którą próbuje rozwikłać matka jednej z ofiar. Mimo wielkich starań, policja nie może znaleźć żadnych śladów. W desperacji kobieta, wraz z ojcem porwanego chłopca, postanawiają wziąć sprawy w swoje ręce. Wkrótce odkrywają, że prawda jest o wiele bardziej przerażająca, niż mogli sobie wyobrazić, a jedyna szansa na uratowanie dzieci może wymagać poświęcenia własnych zasad moralnych. Film jest pełen napięcia, zagadek i psychologicznych gier, prowadząc widza przez mroczne zakamarki ludzkiej natury. Labirynt
4%
Grupa przestępców, którzy zostali zatrudnieni przez nieznanego zleceniodawcę do przeprowadzenia perfekcyjnego napadu na sklep jubilerski, odkrywa, że coś poszło nie tak. Po brutalnym starciu z policją podczas realizacji skoku, gdzie giną niemal wszyscy, ocalała część bandy zaczyna podejrzewać, że jeden z nich może być informantem. Pomiędzy nimi wybucha atmosfera paranoi i zdrady, a każda rozmowa i ruch stają się potencjalnym testem lojalności. W miarę jak napięcie rośnie, w pełni ujawniają się mroczne charaktery, a granice między przyjaźnią a zdradą stają się coraz bardziej zatarte. W filmie przeplatają się retrospekcje, które rzucają światło na przeszłość bohaterów i ich motywacje. Wściekłe psy
4%
Dwóch oszustów, którzy po udanym napadzie postanawiają zemścić się na niebezpiecznym gangsterze, wplątuje się w skomplikowaną grę, pełną manipulacji i podstępów. Jeden z nich, mistrz w swojej dziedzinie, planuje wykiwać swojego rywala, stosując sprytne triki i podstępne zagrania. Cała operacja staje się coraz bardziej skomplikowana, a granice między prawdą a kłamstwem zaczynają się zacierać. Film pełen humoru, nieoczekiwanych zwrotów akcji i wyjątkowych postaci, które zaskakują w każdej scenie. Żądło
4%
Nie znaleziono quizów pasujących do podanych kryteriów
Rozkład punktacji
Procent ludzi z każdym wynikiem
Percentyl według liczby udzielonych odpowiedzi
Twoja historia wyników
Nie rozwiązałeś tego quizu